书目信息 |
| 题名: |
生物化学与分子生物学实验
|
|
| 作者: | 向恒 , 张瑞芝 , 王炜 , 吴荣华 主编 | |
| 分册: | ||
| 出版信息: | 重庆 西南师范大学出版社 2019.11 |
|
| 页数: | 211页 | |
| 开本: | 26cm | |
| 丛书名: | ||
| 单 册: | ||
| 中图分类: | Q5-33 , Q7-33 | |
| 科图分类: | ||
| 主题词: | 生物化学--sheng wu hua xue--实验--高等学校--教材 , 分子生物学--fen zi sheng wu xue--实验--高等学校--教材 | |
| 电子资源: | ||
| ISBN: | 978-7-5621-9774-4 | |
| 000 | 01836nam0 2200325 450 | |
| 001 | 202020139493 | |
| 005 | 20200926181346.0 | |
| 010 | @a978-7-5621-9774-4@dCNY45.00 | |
| 100 | @a20200916d2019 em y0chiy50 ea | |
| 101 | 0 | @achi |
| 102 | @aCN@b500000 | |
| 105 | @aa a 000yy | |
| 106 | @ar | |
| 200 | 1 | @a生物化学与分子生物学实验@Asheng wu hua xue yu fen zi sheng wu xue shi yan@f主编向恒 ... [等]@g编写人员王炜 ... [等] |
| 210 | @a重庆@c西南师范大学出版社@d2019.11 | |
| 215 | @a211页@c图@d26cm | |
| 304 | @a题名页题其余责任者: 张瑞芝, 王炜, 吴荣华 | |
| 320 | @a有书目 (第210-211页) | |
| 330 | @a本书是针对畜牧、兽医和水产等专业本科学生编写的公共平台课实验教材, 共包括3个部分、27个实验。全书按照针对乳酸脱氢酶基因的生物化学、分子生物学、生物信息学实验内容进行系统性编排。实验部分也分为3个部分, 第一部分的9个生物化学实验, 学生将学习提取并纯化乳酸脱氢酶, 并对其进行蛋白质浓度和酶活力的测定, 进而完成乳酸脱氢酶的同工酶分离、蛋白质电泳、免疫印迹实验 ; 第二部分的8个分子生物学实验, 学生将完成从提取基因组DNA到目的DNA重组、转化、原核表达的分子克隆实验 ; 第三部分的10个生物信息学实验, 学生将完成PCR和电泳的设计、验证实验, 从NCBI下载序列数据到DNA和蛋白质序列、蛋白质结构的分析实验, 以及从同源序列检索到系统进化的信息分析实验。本书的各实验项目既保持相对独立, 又交叉连续。因此, 任课教师既可以选择其中单个项目进行实验教学, 也可以选择多个项目构建成一套综合性的实验课题进行授课。 | |
| 333 | @a卓越农林人才培养实验实训教材 | |
| 606 | 0 | @a生物化学@Asheng wu hua xue@x实验@x高等学校@j教材 |
| 606 | 0 | @a分子生物学@Afen zi sheng wu xue@x实验@x高等学校@j教材 |
| 690 | @aQ5-33@v5 | |
| 690 | @aQ7-33@v5 | |
| 701 | 0 | @a向恒@Axiang heng@4主编 |
| 701 | 0 | @a张瑞芝@Azhang rui zhi@4主编 |
| 701 | 0 | @a王炜@Awang wei@4主编 |
| 701 | 0 | @a吴荣华@Awu rong hua@4主编 |
| 801 | 0 | @aCN@c20200108 |
| 905 | @a河南城建学院图书馆@dQ5-33@eX275 | |
| 生物化学与分子生物学实验/主编向恒 ... [等]/编写人员王炜 ... [等].-重庆:西南师范大学出版社,2019.11 |
| 211页:图;26cm |
| 使用对象:卓越农林人才培养实验实训教材 |
| ISBN 978-7-5621-9774-4:CNY45.00 |
| 本书是针对畜牧、兽医和水产等专业本科学生编写的公共平台课实验教材, 共包括3个部分、27个实验。全书按照针对乳酸脱氢酶基因的生物化学、分子生物学、生物信息学实验内容进行系统性编排。实验部分也分为3个部分, 第一部分的9个生物化学实验, 学生将学习提取并纯化乳酸脱氢酶, 并对其进行蛋白质浓度和酶活力的测定, 进而完成乳酸脱氢酶的同工酶分离、蛋白质电泳、免疫印迹实验 ; 第二部分的8个分子生物学实验, 学生将完成从提取基因组DNA到目的DNA重组、转化、原核表达的分子克隆实验 ; 第三部分的10个生物信息学实验, 学生将完成PCR和电泳的设计、验证实验, 从NCBI下载序列数据到DNA和蛋白质序列、蛋白质结构的分析实验, 以及从同源序列检索到系统进化的信息分析实验。本书的各实验项目既保持相对独立, 又交叉连续。因此, 任课教师既可以选择其中单个项目进行实验教学, 也可以选择多个项目构建成一套综合性的实验课题进行授课。 |
| ● |
| 相关链接 |
|
|
|
正题名:生物化学与分子生物学实验
索取号:Q5-33/X275
 
预约/预借
| 序号 | 登录号 | 条形码 | 馆藏地/架位号 | 状态 | 备注 |
| 1 | 1489290 | 214892909 | 自科库401/401自科库 29排1列3层/ [索取号:Q5-33/X275] | 在馆 | |
| 2 | 1489291 | 214892918 | 自科库401/401自科库 29排1列3层/ [索取号:Q5-33/X275] | 在馆 |